Ricostruisci la Carriera del Calciatore - Manuel Lazzari - Statistics

Statistiche generali
  • Questo quiz è stato fatto 14 volte
  • Il punteggio medio è 3 su 5
Statistiche sulle risposte
Hint Risposta % Corretto
2019- Lazio
100%
2013-2019 SPAL
82%
2011-2012 Delta 2000
55%
2012-2013 Giacomense
45%
2010-2011 Montecchio
9%
Nessun quiz corrispondente trovato
Distribuzione punteggi
Percentuale di utenti per punteggio
Percentile per numero di risposta
I tuoi punteggi nel tempo
Non hai fatto questo quiz